<?xml version="1.0" encoding="UTF-8"?>
<record
    xmlns:xsi="http://www.w3.org/2001/XMLSchema-instance"
    xsi:schemaLocation="http://www.loc.gov/MARC21/slim http://www.loc.gov/standards/marcxml/schema/MARC21slim.xsd"
    xmlns="http://www.loc.gov/MARC21/slim">

  <leader>00483nam a22001697a 4500</leader>
  <controlfield tag="005">20260223152333.0</controlfield>
  <controlfield tag="008">260223b        |||||||| |||| 00| 0 eng d</controlfield>
  <datafield tag="020" ind1=" " ind2=" ">
    <subfield code="a">0-13-018380-6</subfield>
  </datafield>
  <datafield tag="100" ind1=" " ind2=" ">
    <subfield code="a">COMER, DOUGLAS E.</subfield>
  </datafield>
  <datafield tag="245" ind1=" " ind2=" ">
    <subfield code="a">INTERNETWORKING WITH TCP/IP</subfield>
    <subfield code="b">PRINCIPLES, PROTOCOLS, AND ARCHITECTURE</subfield>
  </datafield>
  <datafield tag="250" ind1=" " ind2=" ">
    <subfield code="a">4TH ED</subfield>
  </datafield>
  <datafield tag="260" ind1=" " ind2=" ">
    <subfield code="a">NEW JERSEY</subfield>
    <subfield code="b">PRENTICE HALL</subfield>
    <subfield code="c">2000</subfield>
  </datafield>
  <datafield tag="300" ind1=" " ind2=" ">
    <subfield code="a">XXIX,750P.</subfield>
  </datafield>
  <datafield tag="500" ind1=" " ind2=" ">
    <subfield code="a">INCLUDES INDEX</subfield>
  </datafield>
  <datafield tag="650" ind1=" " ind2=" ">
    <subfield code="a">COMPUTER NETWORK PROTOCOL</subfield>
  </datafield>
  <datafield tag="942" ind1=" " ind2=" ">
    <subfield code="2">lcc</subfield>
    <subfield code="c">BK</subfield>
  </datafield>
  <datafield tag="999" ind1=" " ind2=" ">
    <subfield code="c">216594</subfield>
    <subfield code="d">216594</subfield>
  </datafield>
  <datafield tag="952" ind1=" " ind2=" ">
    <subfield code="0">0</subfield>
    <subfield code="1">0</subfield>
    <subfield code="2">lcc</subfield>
    <subfield code="4">0</subfield>
    <subfield code="6">TK5105585 C66  02000 V.00001</subfield>
    <subfield code="7">0</subfield>
    <subfield code="8">SCT</subfield>
    <subfield code="9">375221</subfield>
    <subfield code="a">KSUL</subfield>
    <subfield code="b">KSUL</subfield>
    <subfield code="c">DISPLAY</subfield>
    <subfield code="d">2026-02-23</subfield>
    <subfield code="i">111964</subfield>
    <subfield code="l">0</subfield>
    <subfield code="o">TK 5105.585 .C66 2000 V.1</subfield>
    <subfield code="p">a001234</subfield>
    <subfield code="r">2026-02-23 15:25:00</subfield>
    <subfield code="t">1</subfield>
    <subfield code="w">2026-02-23</subfield>
    <subfield code="y">BK</subfield>
  </datafield>
  <datafield tag="952" ind1=" " ind2=" ">
    <subfield code="0">0</subfield>
    <subfield code="1">0</subfield>
    <subfield code="2">lcc</subfield>
    <subfield code="4">0</subfield>
    <subfield code="6">TK5105585 C66  02000 V.00001</subfield>
    <subfield code="7">0</subfield>
    <subfield code="8">SCT</subfield>
    <subfield code="9">375222</subfield>
    <subfield code="a">KSUL</subfield>
    <subfield code="b">KSUL</subfield>
    <subfield code="c">DISPLAY</subfield>
    <subfield code="d">2026-02-23</subfield>
    <subfield code="i">111965</subfield>
    <subfield code="l">0</subfield>
    <subfield code="o">TK 5105.585 .C66 2000 V.1</subfield>
    <subfield code="p">a001230</subfield>
    <subfield code="r">2026-02-23 15:25:00</subfield>
    <subfield code="t">2</subfield>
    <subfield code="w">2026-02-23</subfield>
    <subfield code="y">BK</subfield>
  </datafield>
  <datafield tag="952" ind1=" " ind2=" ">
    <subfield code="0">0</subfield>
    <subfield code="1">0</subfield>
    <subfield code="2">lcc</subfield>
    <subfield code="4">0</subfield>
    <subfield code="6">TK5105585 C66  02000 V.00001</subfield>
    <subfield code="7">0</subfield>
    <subfield code="8">SCT</subfield>
    <subfield code="9">375223</subfield>
    <subfield code="a">KSUL</subfield>
    <subfield code="b">KSUL</subfield>
    <subfield code="c">DISPLAY</subfield>
    <subfield code="d">2026-02-23</subfield>
    <subfield code="i">111966</subfield>
    <subfield code="l">0</subfield>
    <subfield code="o">TK 5105.585 .C66 2000 V.1</subfield>
    <subfield code="p">a001236</subfield>
    <subfield code="r">2026-02-23 15:25:00</subfield>
    <subfield code="t">3</subfield>
    <subfield code="w">2026-02-23</subfield>
    <subfield code="y">BK</subfield>
  </datafield>
</record>
